000 01028nam a22002177a 4500
999 _c12173
_d12173
003 AR-CdUCM
008 190408b ||||| |||| 00| 0 spa d
040 _aMUNICIPALIDAD PROVINCIAL DEL CUSCO
_cBIBLIOTECA MUNICIPAL DEL CUSCO
041 _hpor
082 _a171.95 /
_bAL44 / 1792
100 _aAlmeida, Teodoro de.
_929895
245 _aRecreación filosófica ó diálogo sobre la filosofía natural, para instrucción de personas curiosas que no han frecuentado las aulas /
260 _aMadrid :
_bImprenta Real,
_c1792.
300 _a341 Paginas ;
_bIlustraciones plegables,
_c17 cm.
505 _aContenido : t.1 :De las partes o principios de todas las cosas en común -- De la forma de todos los cuerpos naturales en común -- Trátase de los accidentes comunes á todas las cosas -- Del diverso peso de los cuerpos y de sus propiedad...
650 _aFilosofía
_9395
650 _aAceleración de los cuerpos
_929896
650 _aPeso de los cuerpos
_929897
942 _2ddc
_cLIBROS
945 _awnts
_d2019-04-08